La valeur de l'art / (Record no. 57862)

MARC details
000 -LEADER
campo de control de longitud fija 00424nam a2200157 i 4500
001 - NÚMERO DE CONTROL
campo de control 57862
003 - IDENTIFICADOR DE NÚMERO DE CONTROL
campo de control ES-MaACL
005 - FECHA Y HORA DE LA ÚLTIMA TRANSACCIÓN
campo de control 20230906163651.0
007 - CAMPO FIJO DE DESCRIPCIÓN FÍSICA--INFORMACIÓN GENERAL
campo de control de longitud fija t|
008 - DATOS DE LONGITUD FIJA--INFORMACIÓN GENERAL
campo de control de longitud fija 031020s1908 fr ||||1| fre d
100 1# - ENTRADA PRINCIPAL--NOMBRE DE PERSONA
Nombre de persona Dubufe, Guillaume.
9 (RLIN) 45793
245 13 - MENCIÓN DEL TÍTULO
Título La valeur de l'art /
Mención de responsabilidad, etc. par Guillaume Dubufe.
260 ## - PUBLICACIÓN, DISTRIBUCIÓN, ETC.
Lugar de publicación, distribución, etc. Paris :
Nombre del editor, distribuidor, etc. [s.n.,
Fecha de publicación, distribución, etc. 1908] (
Fabricante Hemmerlé et Cie.)
300 ## - DESCRIPCIÓN FÍSICA
Extensión 372 p. ;
Dimensiones 19 cm.
852 ## - LOCALIZACIÓN
Ubicación ES-MaACL
Número de control de estantería F-6172
Holdings
Estatus retirado Estado de pérdida Estado de daño No para préstamo Biblioteca de origen Biblioteca actual Ubicación en estantería Fecha de adquisición Fuente de adquisición Total de préstamos Signatura topográfica completa Código de barras Visto por última vez Precio de reemplazo Tipo de ítem Koha
        Biblioteca del Ateneo de Madrid Biblioteca del Ateneo de Madrid Depósito 2 17/01/2008     F-6172 1060732 23/02/2023 23/02/2023 Libro impreso